000 01028nam a22002537a 4500
005 20240530110414.0
008 150121s2010 ua o f b 000 0 ara d
040 _aEG-CaGPL
041 0 _aara
082 0 4 _221
_a642.5
_bع س
100 1 _aعماد الدين جمال جمعة
245 1 0 _aسمات تغذية الجماعات :
_bبالمنشات التغذوية و الضيافية و الخدمية /
_cعماد الدين جمال جمعة ، ليلى محمد صابر الزلاقى
250 _aط2
260 _aالاسكندرية :
_bدار الوفاء لدنيا الطباعة و النشر ،
_c2010
300 _a405 ص :
_bايض ؛
_c24 سم
504 _aببليوجرافية : ص 390 - 398
650 0 4 _aالتغذية
650 0 4 _aالمطاعم
_xتغذية
650 0 4 _aالطلبة
_xتغذية
650 0 4 _aالمسنين
_xتغذية
700 0 _aليلى محمد صابر الزلاقى
_eمؤلف مشارك
942 _2ddc
_cBK
999 _c60514
_d60514